| 000 | 01833nam a22002657a 4500 | ||
|---|---|---|---|
| 999 |
_c63664 _d63664 |
||
| 003 | Ge_BSU | ||
| 005 | 20251203203029.0 | ||
| 008 | 251203s2017 ge ||||| |||| 00| 0 geo d | ||
| 020 | _a9789941096143 | ||
| 041 | _ageo | ||
| 080 | _a910.4(470) : 821.161.1-94 პ-59 | ||
| 100 |
_aპომერანცევი, პიტერ _915363 |
||
| 245 |
_aარაფერია ნამდვილი და ყველაფერი შესაძლებელია : _b მოგზაურობა თანამედროვე რუსეთში / _cპიტერ პომერანცევი; მთარგმნელი გია ბერაძე; რედაქტორი ნინო გოგალაძე; სამეცნიერო რედაქტორი ანი ჩხიკვაძე; ყდის დიზაინერი თაკო ჩხაიძე. |
||
| 264 |
_aთბილისი, _c 2017. |
||
| 300 |
_a280 გვ. ; _b21 სმ. |
||
| 490 | _aრადარამის წიგნები ; 18 | ||
| 500 | _aგამოცემულია ფონდ ”ღია საზოგადოება- საქართველოს” ფინანსური მხარდაჭერით. | ||
| 653 | _aმოგზაურობა რუსეთში. | ||
| 653 | _aთარგმანები ქართულ ენაზე | ||
| 700 |
_aბერაძე, გია _eმთარგმნელი _922860 |
||
| 700 |
_aგოგალაძე, ნინო _eრედაქტორი _912334 |
||
| 700 |
_aჩხიკვაძე, ანი _eრედაქტორი _926344 |
||
| 700 |
_aჩხაიძე, თაკო _eყდის დიზაინერი _926345 |
||
| 942 |
_2udc _cᲬᲘᲒᲜᲘ |
||